| 000 | 01063nam a22001937a 4500 | ||
|---|---|---|---|
| 999 |
_c6905 _d6905 |
||
| 003 | AR-CdUCM | ||
| 008 | 190319b ||||| |||| 00| 0 spa d | ||
| 040 |
_aMUNICIPALIDAD PROVINCIAL DEL CUSCO _cBIBLIOTECA MUNICIPAL DEL CUSCO |
||
| 082 |
_a615.882 / _bN28 |
||
| 245 | _aMedicinas alternativas / | ||
| 260 |
_aLima : _bNaturismo, |
||
| 300 |
_a7 volúmenes ; _c20 cm. |
||
| 505 | _aContenido : V1: Como prevenir y curar diferentes enfermedades mediante la fototerapia --V.2: Como prevenir y curar enfermedades mediante las frutas --V.3: Como prevenir y curar enfermedades mediante el uso de la acupuntura --V.5: Como prevenir y curar enfermedades mediante la cosmobiologia --V.6: Como prevenir y curar enfermedades con la hipnoterapia --V.7: Como prevenir y curar enfermedades mediante la homeopatia --V.8: Baños de sol ,hidroterapia, fisioterapia, digitopuntura / | ||
| 650 |
_aMedicina alternativa _918747 |
||
| 650 |
_aNaturopatía _919456 |
||
| 700 |
_aAntidoro Cáceres Velásquez (director científico ) _919457 |
||
| 942 |
_2ddc _cLIBROS |
||
| 945 | _arjall | ||